Welcome to the Holygrace Academy Library

Please use search bar below to get started

BLOTTO, TWINKS AND THE EX-KING'S DAUGHTER (Record no. 2818)

MARC details
000 -LEADER
fixed length control field 00317nam a22001337a 4500
020 ## - INTERNATIONAL STANDARD BOOK NUMBER
ISBN 978-1-84901-379-6
082 ## - DEWEY DECIMAL CLASSIFICATION NUMBER
Classification number 823
Item number BRE/B
100 ## - MAIN ENTRY--AUTHOR NAME
Personal name BRETT, SIMON
245 ## - TITLE STATEMENT
Title BLOTTO, TWINKS AND THE EX-KING'S DAUGHTER
260 ## - PUBLICATION, DISTRIBUTION, ETC. (IMPRINT)
Place of publication LONDON
Name of publisher ROBINSON
Year of publication 2009
300 ## - PHYSICAL DESCRIPTION
Number of Pages 185
650 ## - SUBJECT ADDED ENTRY--TOPICAL TERM
Topical Term NOVEL
Geographic subdivision UNITED KINGDOM
942 ## - ADDED ENTRY ELEMENTS (KOHA)
Koha item type Books
Holdings
Withdrawn status Lost status Collection code Home library Current library Shelving location Date acquired Source of acquisition Full call number Accession Number Koha item type
    Fiction Main Library Main Library SHELF-14B -ALPHABETICAL -B--ENGLISH NOVELS & FICTIONS 26/03/2014 purchase 823 BRE/B 08253 Books